• 首页
  • 本馆介绍
  • 公告通知
  • 最新文献
  • 馆藏检索
  • 电子资源
  • 读者导购
  • 参考咨询
  • 我的图书馆
  • 登录
  • 详细信息显示
  • 放入我的书架
  • 预约/预借图书
  • 作者相关作品
  • 分类相关作品
  • 丛书相关作品
  • 出版社相关作品

书目信息

  • 表格格式
  • 工作单格式
  • 卡片格式
题名:
森林经理学
    
 
作者: 亢新刚 主编
分册:  
出版信息: 北京   中国林业出版社  2021.1
页数: 370页
开本: 26cm
丛书名:
单 册:
中图分类: S757
科图分类:
主题词: 森林经理--高等教育--教材 , 森林经理
电子资源:
ISBN: 978-7-5038-6451-3
000 00950nam0 2200289 45
001 012001000305
005 20211012144109.78
010    @a978-7-5038-6451-3@dCNY55.00
090    @aS757@bkxg
096    @aS757@bkxg
100    @a20120608d2011 em y0chiy50 ea
101 0  @achi@eeng
102    @aCN@b110000
105    @ay z 000yy
106    @ar
200 1  @a森林经理学@b专著@f亢新刚主编@Asen lin jing li xue
205    @a4版
210    @a北京@c中国林业出版社@d2021.1
215    @a370页@d26cm
300    @a普通高等教育“十一五”国家级规划教材 全国高等农林院校规划教材
330    @a本书共11章,主要内容包括森林可持续经营的主要内容和进程,全球和中国森林资源最新的概况和特点,森林区划和调查的理论与技术,森林成熟与收获调整的理论与方法等。
606 0  @a森林经理@x高等教育@j教材
606 0  @a森林经理
690    @aS757@v5
701  0 @a亢新刚@4主编@Akang xin gang
801  0 @aCN@bBJSDL@c20211011
905    @b1331192-5@dS757@e150=4@f4
    
    森林经理学/亢新刚主编.-4版.-北京:中国林业出版社,2021.1
    370页;26cm
    普通高等教育“十一五”国家级规划教材 全国高等农林院校规划教材
    
    ISBN 978-7-5038-6451-3:CNY55.00
    本书共11章,主要内容包括森林可持续经营的主要内容和进程,全球和中国森林资源最新的概况和特点,森林区划和调查的理论与技术,森林成熟与收获调整的理论与方法等。
●
相关链接 在E读中查询图书 在五车中查询图书 在当当中查询图书 在豆瓣中查询图书


正题名:森林经理学     索取号:S757/150=4         预约/预借

序号 登录号 条形码 馆藏地/架位号 状态 备注
1 1331192   213311922   第二样本阅览室/ [索取号:S757/150=4] 在馆    
2 1331193   213311931   第三借阅区/ [索取号:S757/150=4] 在馆    
3 1331194   213311940   第三借阅区/ [索取号:S757/150=4] 在馆    
4 1331195   213311959   第三借阅区/ [索取号:S757/150=4] 在馆    
唐山师范学院图书馆 欢迎您!
大连网信软件有限公司© 版权所有